000
00212nam a2200097Ia 4500
005
20251222113744.0
008
251222s1900||||xx |||||||||||||| ||spa||
082
_a
DVD0080/T48/2006
245
0
_a
Magnolia:
942
_c
DVD
999
_c
722
_d
722